Eastern Cālukyan temples of Āndhra Dēśa, (Record no. 71819)
[ view plain ]
| 000 -LEADER | |
|---|---|
| fixed length control field | 00761cam a22002531 4500 |
| 001 - CONTROL NUMBER | |
| control field | sa 67000207 |
| 003 - CONTROL NUMBER IDENTIFIER | |
| control field | DLC |
| 005 - DATE AND TIME OF LATEST TRANSACTION | |
| control field | 20260227112312.0 |
| 008 - FIXED-LENGTH DATA ELEMENTS--GENERAL INFORMATION | |
| fixed length control field | 790420s1964 ii a f000 0 eng |
| 010 ## - LIBRARY OF CONGRESS CONTROL NUMBER | |
| LC control number | sa 67000207 |
| 025 ## - OVERSEAS ACQUISITION NUMBER | |
| Overseas acquisition number | PL480:I-E-7082 |
| 035 ## - SYSTEM CONTROL NUMBER | |
| System control number | (OCoLC)4881042 |
| 040 ## - CATALOGING SOURCE | |
| Original cataloging agency | DLC |
| Transcribing agency | NIC |
| Modifying agency | DLC |
| 042 ## - AUTHENTICATION CODE | |
| Authentication code | premarc |
| 050 00 - LIBRARY OF CONGRESS CALL NUMBER | |
| Classification number | DS485.A55 |
| Item number | A3 no.19 |
| 100 2# - MAIN ENTRY--PERSONAL NAME | |
| Personal name | Rama Rao, M. |
| 245 10 - TITLE STATEMENT | |
| Title | Eastern Cālukyan temples of Āndhra Dēśa, |
| Statement of responsibility, etc. | by M. Rama Rao. |
| 260 ## - PUBLICATION, DISTRIBUTION, ETC. | |
| Place of publication, distribution, etc. | Hyderabad, |
| Name of publisher, distributor, etc. | Govt. of Andhra Pradesh, |
| Date of publication, distribution, etc. | 1964. |
| 300 ## - PHYSICAL DESCRIPTION | |
| Extent | ii, iii, 48 p. |
| Other physical details | illus. |
| Dimensions | 29 cm. |
| 490 1# - SERIES STATEMENT | |
| Series statement | Andhra Pradesh Government archaeological series, |
| Volume/sequential designation | no. 19 |
| 650 #0 - SUBJECT ADDED ENTRY--TOPICAL TERM | |
| Topical term or geographic name entry element | Temples |
| Geographic subdivision | India |
| -- | Andhra Pradesh. |
| 650 #0 - SUBJECT ADDED ENTRY--TOPICAL TERM | |
| Topical term or geographic name entry element | Chalukyas. |
| 830 #0 - SERIES ADDED ENTRY--UNIFORM TITLE | |
| Uniform title | Arch. series ; |
| Volume/sequential designation | no. 19. |
No items available.